000 00224nam a2200121Ia 4500
100 _a#N/A
942 _cBK
245 _aCracking the 2012 TOEFL iBT
260 _b#N/A
082 _b22059
546 _aENGLISH
999 _c35062
_d35062